000 00691cam a22002411 4500
001 15241
003 BD-RjUL
005 20211208235758.0
008 140209s1964 enka 000 0 eng
035 _a(BD-RjUL)15295
035 _a(OCoLC)686901
040 _aDLC
_cPPi
_dBD-RjUL
_beng
041 _aeng
082 _a657.4
_bSIA 1964
100 1 _aSidebotham, R.
_d1927-1970.
_947383
245 1 0 _aAccounting for industrial management /
_cR. Sidebotham.
260 _aOxford ; New York :
_bPergamon Press; Macmillan,
_cc1964.
300 _avii, 197 p. :
_bill. ;
_c20 cm.
650 0 _aCost accounting.
_947384
942 _2ddc
_cBK
999 _c15241
_d15241